| 000 | 00404nam a2200157Ia 4500 | ||
|---|---|---|---|
| 003 | 0STCL | ||
| 008 | 150530s9999 xx 000 0 und d | ||
| 040 |
_aSTCL _cSTCL |
||
| 100 | _aWard William | ||
| 245 | _aEngineering science a first years course in mechanics and heat engines | ||
| 260 |
_bEdward Arnold _c1926 |
||
| 546 | _aEnglish | ||
| 942 |
_2ddc _cBK |
||
| 999 |
_c24894 _d24894 |
||
| 005 | 20220125170024.0 | ||